000 00444nam a2200181Ia 4500
005 20250423095211.0
008 250422s9999 xx 000 0 und d
020 _a9789386690340
050 _aTN 871 .K87/
100 _aKumar, Prateek
245 0 _aEncyclopedia of crude oil emulsions
260 _aNew Delhi
260 _bOrange Books International
260 _c2017
300 _a224 p
650 _a Petroleum.
942 _cBK
999 _c29548
_d29548